000 00642cam a2200217 4500
001 ABS61453
008 000000n1999 000 0 eng u
035 _a(Sirsi) u101134
100 _aMaguire, J.
245 _aGet more value from VM
260 _c1999
490 _aProperty Week
_v 15 October 1999, 72(1)
520 _aAsks what the implications of merging value management and project management are for the property industry.
590 _aABS
650 _aVALUE MANAGEMENT
650 _aMANAGEMENT-PROJECT MANAGEMENT
650 _aBEST VALUE
650 _aINTEGRATION
690 _aProject management
_96261
942 _n0
999 _c60335
_d60335